| 000 | 01280nam a2200337 c 4500 | ||
|---|---|---|---|
| 003 | BLK | ||
| 005 | 20220908103309.0 | ||
| 008 | 180408b bul|||||r ||||||| ||bul|| | ||
| 010 | _aKNG00055652000 | ||
| 020 |
_a978-954-529-796-0 _bиздат.: Колибри |
||
| 040 | _aBLK | ||
| 041 |
_aBUL _cBUL |
||
| 072 | 7 |
_2bullib _aН83 _xЧужда художествена литература Н |
|
| 080 |
_aФренска литература _b821.133.1 _x-312.4 _z821.133.1-312.4 |
||
| 100 | 1 |
_aВаргас, Фред _eпърви автор _9280132 |
|
| 700 | 1 |
_aТашева, Росица _eпрев. от фр. _9365042 |
|
| 139 |
_aВаргас, Фред _bВ 22 |
||
| 245 | 1 | 0 |
_aЕдно незнайно място _bРоман _cФред Варгас; прев. от фр. Росица Ташева. |
| 257 | _aFRA | ||
| 260 |
_аСофия _bКолибри _c2010 _fСофия : Инвестпрес |
||
| 300 |
_a309 с. _c20 см |
||
| 380 | _aX | ||
| 490 | 1 | _aСъвременни криминални романи | |
| 500 | _aОриг. загл. Un lieu incertain / Fred Vargas. | ||
| 659 | _aН | ||
| 852 | _aЦб 254307 | ||
| 856 | 4 |
_qpdf _u |
|
| 856 | 4 |
_qpdf _u |
|
| 942 |
_cKNG _n0 _012 |
||
| 944 |
_aCR _c09.01.2012 _lф / _kВиолета_Тройчева |
||
| 944 |
_aED _c11.10.2012 _lф / _k |
||
| 999 |
_c51738 _d51738 |
||